00675cam a22002173a 450000100060000000300060000600500170001200800410002904000150007004200070008505000070009210000310009924501060013026000290023650600300026551600200029565300380031565300330035383000290038685600420041512000PGUSA20140828083243.0040401s2004||||xxu|||||s|||||000 | eng d aPGUSAbeng adc 4aDA1 aBurritt, Elihu,d1810-187912aA Walk from London to John O'Groat's :bWith Notes by the Wayh[electronic resource] /cElihu Burritt bProject Gutenberg,c2004 aPublic domain in the USA. aElectronic text aEngland -- Description and travel aAgriculture -- Great Britain 0aProject Gutenbergv1200040uhttp://www.gutenberg.org/ebooks/12000